| 000 | 01239cam a2200325 a 4500 | ||
|---|---|---|---|
| 001 | 3958433 | ||
| 003 | OSt | ||
| 005 | 20180116183027.0 | ||
| 008 | 940203s1994 nyu 000 1 eng | ||
| 010 | _a 94001280 | ||
| 020 |
_a038531132X : _c$21.95 ($27.95 Can.) |
||
| 040 |
_aDLC _cDLC _dDLC _dOCoLC _dDLC _dOCoLC _dDLC |
||
| 043 | _an-us-ny | ||
| 050 | 0 | 0 |
_aPS3569.T46 _bM6 1994 |
| 082 | 0 | 0 |
_a813.54 STE 1993 _220 |
| 100 | 1 |
_aStewart, Edward, _d1938-1996. |
|
| 245 | 1 | 0 |
_aMortal Grace _cEdward Stewart. |
| 260 |
_aNew York : _bDelacorte Press, _c1994. |
||
| 300 |
_a601 p. ; _c25 cm. _bPB |
||
| 440 | _aMortal Grace | ||
| 650 | 0 |
_aCardozo, Lt. Vince (Fictitious character) _xFiction. |
|
| 650 | 0 |
_aSiegel, Ellie (Fictitious character) _xFiction. |
|
| 650 | 0 |
_aPolice _zNew York (State) _zNew York _xFiction. |
|
| 651 | 0 |
_aNew York (N.Y.) _xFiction. |
|
| 655 | 7 |
_aDetective and mystery stories. _2gsafd |
|
| 856 | 4 | 2 |
_3Publisher description _uhttp://www.loc.gov/catdir/description/random047/94001280.html |
| 906 |
_a7 _bcbc _corignew _d1 _eocip _f19 _gy-gencatlg |
||
| 942 |
_2ddc _cBK |
||
| 999 |
_c350829 _d350829 |
||